| 000 | 00557 a2200169 4500 | ||
|---|---|---|---|
| 003 | Nust | ||
| 005 | 20170207154021.0 | ||
| 022 | _a0597835349 | ||
| 040 | _cNust | ||
| 100 | _aN. Parker, James | ||
| 245 |
_aThe official Patient’s sourcebook On Raynaud’s Phenomenon (E-BOOK) _cJames N. Parker |
||
| 260 |
_aICON Group International, Inc. _bUSA _c2003 |
||
| 300 | _a189 p | ||
| 505 | _aPart 1: The Essentials 7 Part 2: Additional Resources And Advanced Material 49 Part 3. Appendices 91 | ||
| 650 | _aRaynaud’s phenomenon-Popular works | ||
| 651 | _aE-BOOK | ||
| 942 |
_2ddc _cBK |
||
| 999 |
_c191673 _d191673 |
||